Kapitálové trhy v strednej Európe
Materiály prevzaté zo servisu agentúry Bloomberg Business News. - Situácia na kapitálových trhoch Poľska, Maďarska, Slovenska a Česka. Penzijné fondy ČR na kapitálových trhoch. Nevyhnutnosť širších a podrobnejších informácií o spoločnostiach. Burzové indexy.
Salvato in:
| Natura: | Capitolo di libro |
|---|---|
| Lingua: | slovacco |
| Soggetti: | |
| Tags: |
Nessun Tag, puoi essere il primo ad aggiungerne!!
|
MARC
| LEADER | 00000naa a2200000 4500 | ||
|---|---|---|---|
| 001 | r014605 | ||
| 005 | 20221213114507.7 | ||
| 041 | 0 | |a slo | |
| 044 | |a SK | ||
| 245 | 1 | 0 | |a Kapitálové trhy v strednej Európe |
| 520 | |a Materiály prevzaté zo servisu agentúry Bloomberg Business News. - Situácia na kapitálových trhoch Poľska, Maďarska, Slovenska a Česka. Penzijné fondy ČR na kapitálových trhoch. Nevyhnutnosť širších a podrobnejších informácií o spoločnostiach. Burzové indexy. | ||
| 610 | 2 | 0 | |a trh kapitálový |
| 610 | 2 | 0 | |a stredná Európa |
| 610 | 2 | 0 | |a Poľsko |
| 610 | 2 | 0 | |a Maďarsko |
| 610 | 2 | 0 | |a Česko |
| 610 | 2 | 0 | |a Slovensko |
| 610 | 2 | 0 | |a indexy |
| 610 | 2 | 0 | |a spoločnosti akciové |
| 610 | 2 | 0 | |a analýza finančná |
| 610 | 2 | 0 | |a analýza ekonomická |
| 610 | 2 | 0 | |a burzy |
| 610 | 2 | 0 | |a obchody burzové |